000 00297nam a2200121 i 4500
001 bg
245 0 _aZbiór zadań z informatyki :
_bprogramowanie komputera "Odra" 1204.
260 _aWrocław,
_c1973.
040 _cBPK
041 _apol
942 _cKS
008 s pl f |000 0 pol
999 _c1593
_d1593
856 _uhttp://koha.tu.koszalin.pl/cgi-bin/koha/opac-detail.pl?biblionumber=1593
_yKatalog online BPK